Top Earning Youtubers of 2021 - Statistics

General Stats
  • This quiz has been taken 23 times
  • The average score is 2 of 10
Answer Stats
$$$ Youtuber % Correct
$54 million Mr Beast
91%
$20 million Dude Perfect
30%
$38 million Markiplier
26%
$45 million Jake Paul
17%
$18 million Logan Paul
17%
$27 million Ryan's Toy Review
9%
$30 million Good Mythical Morning
4%
$28 million Like Nastya
0%
$16 million Preston Playz
0%
$28.5 million Unspeakable
0%
No matching quizzes found
Score Distribution
Percent of People with Each Score
Percentile by Number Answered
Your Score History
You have not taken this quiz